Thesis Open Access
Asnakew Yigzaw
<?xml version='1.0' encoding='UTF-8'?>
<record xmlns="http://www.loc.gov/MARC21/slim">
<leader>00000nam##2200000uu#4500</leader>
<controlfield tag="005">20241120091740.0</controlfield>
<controlfield tag="001">3682</controlfield>
<datafield tag="856" ind1="4" ind2=" ">
<subfield code="s">10351062</subfield>
<subfield code="z">md5:495e6922ae204fdb958a8b43a046dd68</subfield>
<subfield code="u">https://zenodo.org/record/3682/files/f1046490944.pdf</subfield>
</datafield>
<datafield tag="542" ind1=" " ind2=" ">
<subfield code="l">open</subfield>
</datafield>
<datafield tag="260" ind1=" " ind2=" ">
<subfield code="c">1994-05-01</subfield>
</datafield>
<datafield tag="909" ind1="C" ind2="O">
<subfield code="p">user-aau</subfield>
<subfield code="p">user-zenodo</subfield>
<subfield code="o">oai:zenodo.org:3682</subfield>
</datafield>
<datafield tag="100" ind1=" " ind2=" ">
<subfield code="a">Asnakew Yigzaw</subfield>
</datafield>
<datafield tag="245" ind1=" " ind2=" ">
<subfield code="a">A community-Based study of Injury in Bahir-Dar zuria woreda, west-Gojjam Administrative Zone</subfield>
</datafield>
<datafield tag="980" ind1=" " ind2=" ">
<subfield code="a">user-aau</subfield>
</datafield>
<datafield tag="980" ind1=" " ind2=" ">
<subfield code="a">user-zenodo</subfield>
</datafield>
<datafield tag="540" ind1=" " ind2=" ">
<subfield code="u">http://www.opendefinition.org/licenses/cc-by</subfield>
<subfield code="a">Creative Commons Attribution</subfield>
</datafield>
<datafield tag="650" ind1="1" ind2="7">
<subfield code="a">cc-by</subfield>
<subfield code="2">opendefinition.org</subfield>
</datafield>
<datafield tag="520" ind1=" " ind2=" ">
<subfield code="a"><p>A cross-sectional, community-based study of injury<br>
was conducted in Bahir-Dar Zuria Woreda between October<br>
and December 1993. A study population of 13,286 was<br>
surveyed in five randomly selected kebeles, three of<br>
which were rural and two urban. A four-week recall<br>
period was used to estimate an incidence of injury of 550<br>
per 1000 per year.<br>
The most common injuries were due to cutting and<br>
piercing objects or other mechanical injury (61.2%),<br>
animal injury (11.2%) and falls (10%). The home and its<br>
immediate environment were the main sites of occurrence<br>
of injury (52.7%), followed by roads or paths (21%) and<br>
farms (16.4%). Lower and upper extremities were the body<br>
parts affected in 48% and 29% of cases respectively.<br>
Over 81% of injuries in adults were occupational</p></subfield>
</datafield>
<datafield tag="773" ind1=" " ind2=" ">
<subfield code="n">doi</subfield>
<subfield code="i">isVersionOf</subfield>
<subfield code="a">10.20372/nadre:3681</subfield>
</datafield>
<datafield tag="024" ind1=" " ind2=" ">
<subfield code="a">10.20372/nadre:3682</subfield>
<subfield code="2">doi</subfield>
</datafield>
<datafield tag="980" ind1=" " ind2=" ">
<subfield code="a">publication</subfield>
<subfield code="b">thesis</subfield>
</datafield>
</record>
| All versions | This version | |
|---|---|---|
| Views | 0 | 0 |
| Downloads | 0 | 0 |
| Data volume | 0 Bytes | 0 Bytes |
| Unique views | 0 | 0 |
| Unique downloads | 0 | 0 |